|
|
|
|
| LEADER |
00000nab a2200000 ar4500 |
| 001 |
vtls009455207 |
| 003 |
SK-MaSNL |
| 005 |
20260305033927.0 |
| 008 |
081215c2008 xo mr|p|||||||000 b|slo |
| 038 |
|
|
|a RVGKPD
|
| 040 |
|
|
|a RVGKPD
|b slo
|c RVGKPD
|e AACR2
|
| 041 |
|
|
|a slo
|
| 044 |
|
|
|a xo
|c SK
|
| 080 |
|
|
|a 373.2
|2 1997
|
| 245 |
0 |
0 |
|a Materská škola v rekonštrukcii
|b projekt podporila aj Európska únia
|c [autor] -J. L.-
|
| 300 |
|
|
|b Fotogr.
|
| 610 |
2 |
7 |
|a Materská škola (Dobšiná, Slovensko)
|2 rvgkpd
|
| 650 |
0 |
7 |
|a rekonštrukcie
|2 rvgkpd
|9 24616
|
| 651 |
|
7 |
|a Gočovo (Slovensko)
|2 rvgkpd
|9 58511
|
| 651 |
|
7 |
|a Rožňava (Slovensko : okres)
|2 rvgkpd
|9 19215
|
| 773 |
0 |
|
|t Dobšinské noviny
|g (november 2008), s. 7
|
| 852 |
|
|
|a RVGKPD
|b KIS3G
|
| 992 |
|
|
|a RBX
|
| 999 |
|
|
|c 3326900
|d 3328830
|